Twinkie Ingredients Quiz Stats

 Plays Quiz Updated Mar 13, 2013

Also try: V8 Ingredients
Challenge
Share
Tweet
Embed
Score 0/28 Timer 06:00
2 Plays Today
Ingredient % Correct
Sugar
94.3%
Enriched Wheat Flour
75.2%
Salt
47.8%
Water
45.2%
Whole eggs
42.7%
Corn syrup
35.9%
Artificial color (yellow 5, red 40)
32.8%
Vegetable and animal shortening
32.5%
Leavenings
24.2%
High fructose corn syrup
20.5%
Natural and artificial flavors
17%
Modified corn starch
15.9%
Cornstarch
15.7%
Dextrose
5.7%
Ingredient % Correct
Whey
5.3%
Caramel color
2.8%
Corn flour
2.1%
Soy lecithin
1.9%
Polysorbate 60
1.7%
Cellulose gum
1.4%
Mono and diglycerides
1.3%
Sorbic acid
1.2%
Dextrin
1%
Wheat gluten
0.8%
Corn syrup solids
0.8%
Calcium sulfate
0.6%
Sodium stearol lactylate
0.5%
Calcium caseinate
0.5%

You're not logged in!

Compare scores with friends on all Sporcle quizzes.
OR
Log In

You Might Also Like...

Show Comments

Extras

Top Quizzes Today


Score Distribution

Your Account Isn't Verified!

In order to create a playlist on Sporcle, you need to verify the email address you used during registration. Go to your Sporcle Settings to finish the process.

Report this User

Report this user for behavior that violates our Community Guidelines.

Details: